000 00499nam a2200181Ia 4500
008 140527s9999 xx 000 0 und d
020 _a9781847872494
050 _aPN 4731
_b.H257 2009
100 _aHarcup, Tony.
245 _aJournalism :
_bprinciples & practice /
_cTony Harcup
250 _a2nd ed.
260 _aLondon :
_bSAGE,
_cc2009.
300 _a244 p. ;
_c23 cm.
500 _aIncludes bibliographical references and index.
521 _aMC
942 _kFOR
_cBK
999 _c117453
_d117453